Score 0/30 Timer 04:00
0 Plays Today
dddd % Correct
Kids
98%
Day
97.5%
Trains
97.1%
Home
96.5%
Great
92.8%
Down
92.8%
Up
92.6%
Cheaper
92.4%
Bride
91.8%
Three
90.7%
Wild
90.7%
Cool
90.4%
Shop
88.1%
Pie
82.8%
Buck
81.7%
dddd % Correct
Best
78.9%
Nightmare
74%
Attacks!
70.2%
Prince
63.6%
Little
57%
Heavy
54.9%
One
51.2%
Bacon
49.1%
Bear
47.4%
Strange
41.4%
Minute
31.1%
Captain
30.7%
Guffman
25.7%
Consideration
23.2%
Boom
13.9%

Today's Daily Dose

Remove Ads.
Support Sporcle.
Get the best of Sporcle when you Go Orange. This ad-free experience offers more features, more stats, and more fun while also helping to support Sporcle. Thank you for becoming a member.

You're not logged in!

Compare scores with friends on all Sporcle quizzes.
OR
Log In

Show Comments

Extras

Top Quizzes Today


Score Distribution

Your Account Isn't Verified!

In order to create a playlist on Sporcle, you need to verify the email address you used during registration. Go to your Sporcle Settings to finish the process.

Report this User

Report this user for behavior that violates our Community Guidelines.

Details: